DISEASES OF LIVESTOCK (Record no. 17283)

MARC details
000 -LEADER
fixed length control field 00446nam a22001817a 4500
003 - CONTROL NUMBER IDENTIFIER
control field OSt
005 - DATE AND TIME OF LATEST TRANSACTION
control field 20211109144144.0
008 - FIXED-LENGTH DATA ELEMENTS--GENERAL INFORMATION
fixed length control field 211109b |||||||| |||| 00| 0 eng d
020 ## - INTERNATIONAL STANDARD BOOK NUMBER
International Standard Book Number 0070933375
040 ## - CATALOGING SOURCE
Transcribing agency HAWASSA UNIVERSITY
050 ## - LIBRARY OF CONGRESS CALL NUMBER
Classification number 636.0896/HUN
Item number 4
082 ## - DEWEY DECIMAL CLASSIFICATION NUMBER
Classification number 636.0896/HUN
Item number 4
100 ## - MAIN ENTRY--PERSONAL NAME
Personal name HUNGERFORD T.G.
9 (RLIN) 17505
245 ## - TITLE STATEMENT
Title DISEASES OF LIVESTOCK
260 ## - PUBLICATION, DISTRIBUTION, ETC.
Place of publication, distribution, etc. NEW YORK
Name of publisher, distributor, etc. LONDON
Date of publication, distribution, etc. 1975
300 ## - PHYSICAL DESCRIPTION
Extent 1318
942 ## - ADDED ENTRY ELEMENTS (KOHA)
Source of classification or shelving scheme Dewey Decimal Classification
Koha item type Books like text book referance book
Suppress in OPAC No
Holdings
Withdrawn status Lost status Source of classification or shelving scheme Damaged status Not for loan Home library Current library Date acquired Total Checkouts Full call number Barcode Date last seen Copy number Price effective from Koha item type
    Dewey Decimal Classification     College of Agriculture Library College of Agriculture Library 11/09/2021   636.0896/HUN ALIB0008408 11/09/2021 1 11/09/2021 Books like text book referance book
    Dewey Decimal Classification     College of Agriculture Library College of Agriculture Library 11/09/2021   636.0896/HUN ALIB0008409 11/09/2021 2 11/09/2021 Books like text book referance book
    Dewey Decimal Classification     College of Agriculture Library College of Agriculture Library 11/09/2021   636.0896/HUN ALIB0008410 11/09/2021 4 11/09/2021 Books like text book referance book
    Dewey Decimal Classification     College of Agriculture Library College of Agriculture Library 11/09/2021   636.0896/HUN ALIB0008411 11/09/2021 5 11/09/2021 Books like text book referance book